000 00631nam a2200217 a 4500
005 20240910064314.0
008 011019s1998 mx r 000 0 spa d
020 _a8478270981
035 _aUPN01000113282
049 _aCG
050 4 _aLB1049
_bN6.7 1998
100 1 _aNoguerol, Artur
245 1 0 _aTécnicas de aprendizaje y estudio :
_baprender en la escuela /
_cArtur Noguerol.
250 _a2a ed.
260 _aBarcelona, Esp. :
_bGraó,
_c1998.
300 _a185 p. :
_bfigs.
440 0 _aBiblioteca de aula ;
_v134.
_pTutoría
650 4 _aMétodos de estudio
_94280
650 4 _aAprendizaje
_92861
905 _aLibro
999 _c87190
_d87190